00362nam a2200157Ia 4500003000900000008004100009040003300050041000800083080001200091100002100103245002400124246001500148260001700163300001400180650001000194LK-CoDNM010623t1986 xxu||||| |||| 00| 1 sin d aLK-CoDNMdLK-CoDNMeLK-CoDNM asin a78bKUL aKularathna, K.A. aළමා මීර aLama meera bAuthorc1986 b62, 22 cm aMusic